<?xml version="1.0" encoding="UTF-8"?>
<collection xmlns="http://www.loc.gov/MARC21/slim">
 <record>
  <leader>03347cam a2200661   4500</leader>
  <controlfield tag="001">161479832X</controlfield>
  <controlfield tag="003">DE-627</controlfield>
  <controlfield tag="005">20240327184628.0</controlfield>
  <controlfield tag="007">tu</controlfield>
  <controlfield tag="008">850101s1980    xx ||||| m    00| ||ger c</controlfield>
  <datafield tag="020" ind1=" " ind2=" ">
   <subfield code="a">3786111936</subfield>
   <subfield code="9">3-7861-1193-6</subfield>
  </datafield>
  <datafield tag="035" ind1=" " ind2=" ">
   <subfield code="a">(DE-627)161479832X</subfield>
  </datafield>
  <datafield tag="035" ind1=" " ind2=" ">
   <subfield code="a">(DE-576)009123881</subfield>
  </datafield>
  <datafield tag="035" ind1=" " ind2=" ">
   <subfield code="a">(DE-599)BSZ009123881</subfield>
  </datafield>
  <datafield tag="035" ind1=" " ind2=" ">
   <subfield code="a">(OCoLC)603586361</subfield>
  </datafield>
  <datafield tag="035" ind1=" " ind2=" ">
   <subfield code="a">(OCoLC)310732013</subfield>
  </datafield>
  <datafield tag="035" ind1=" " ind2=" ">
   <subfield code="a">(OCoLC)603586361</subfield>
  </datafield>
  <datafield tag="035" ind1=" " ind2=" ">
   <subfield code="a">(OCoLC)1033895282</subfield>
  </datafield>
  <datafield tag="035" ind1=" " ind2=" ">
   <subfield code="a">(OCoLC)1078710265</subfield>
  </datafield>
  <datafield tag="035" ind1=" " ind2=" ">
   <subfield code="a">(DE-604)801006401x</subfield>
  </datafield>
  <datafield tag="040" ind1=" " ind2=" ">
   <subfield code="a">DE-627</subfield>
   <subfield code="b">ger</subfield>
   <subfield code="c">DE-627</subfield>
   <subfield code="e">rakwb</subfield>
  </datafield>
  <datafield tag="041" ind1=" " ind2=" ">
   <subfield code="a">ger</subfield>
  </datafield>
  <datafield tag="084" ind1=" " ind2=" ">
   <subfield code="a">9,10</subfield>
   <subfield code="2">ssgn</subfield>
  </datafield>
  <datafield tag="084" ind1=" " ind2=" ">
   <subfield code="a">LI 17410</subfield>
   <subfield code="2">rvk</subfield>
   <subfield code="0">(DE-625)rvk/95627:13288</subfield>
  </datafield>
  <datafield tag="084" ind1=" " ind2=" ">
   <subfield code="a">LI 17405</subfield>
   <subfield code="2">rvk</subfield>
   <subfield code="0">(DE-625)rvk/95627:13283</subfield>
  </datafield>
  <datafield tag="100" ind1="1" ind2=" ">
   <subfield code="a">Unverfehrt, Gerd</subfield>
   <subfield code="d">1944-2009</subfield>
   <subfield code="0">(DE-588)109161262</subfield>
   <subfield code="0">(DE-627)506666794</subfield>
   <subfield code="0">(DE-576)163380600</subfield>
   <subfield code="4">aut</subfield>
  </datafield>
  <datafield tag="245" ind1="1" ind2="0">
   <subfield code="a">Hieronymus Bosch</subfield>
   <subfield code="b">d. Rezeption seiner Kunst im frühen 16. Jh.</subfield>
   <subfield code="c">Gerd Unverfehrt</subfield>
  </datafield>
  <datafield tag="264" ind1=" " ind2="1">
   <subfield code="a">Berlin</subfield>
   <subfield code="b">Mann</subfield>
   <subfield code="c">1980</subfield>
  </datafield>
  <datafield tag="300" ind1=" " ind2=" ">
   <subfield code="a">319, 252 S.</subfield>
   <subfield code="b">Ill.</subfield>
  </datafield>
  <datafield tag="336" ind1=" " ind2=" ">
   <subfield code="a">Text</subfield>
   <subfield code="b">txt</subfield>
   <subfield code="2">rdacontent</subfield>
  </datafield>
  <datafield tag="337" ind1=" " ind2=" ">
   <subfield code="a">ohne Hilfsmittel zu benutzen</subfield>
   <subfield code="b">n</subfield>
   <subfield code="2">rdamedia</subfield>
  </datafield>
  <datafield tag="338" ind1=" " ind2=" ">
   <subfield code="a">Band</subfield>
   <subfield code="b">nc</subfield>
   <subfield code="2">rdacarrier</subfield>
  </datafield>
  <datafield tag="502" ind1=" " ind2=" ">
   <subfield code="a">Zugl.: Göttingen, Univ., Diss., 1973</subfield>
  </datafield>
  <datafield tag="583" ind1="1" ind2=" ">
   <subfield code="a">Archivierung/Langzeitarchivierung gewährleistet</subfield>
   <subfield code="f">SSG</subfield>
   <subfield code="x">XA-DE-BW</subfield>
   <subfield code="2">pdager</subfield>
   <subfield code="5">DE-16</subfield>
  </datafield>
  <datafield tag="655" ind1=" " ind2="7">
   <subfield code="a">Hochschulschrift</subfield>
   <subfield code="0">(DE-588)4113937-9</subfield>
   <subfield code="0">(DE-627)105825778</subfield>
   <subfield code="0">(DE-576)209480580</subfield>
   <subfield code="2">gnd-content</subfield>
  </datafield>
  <datafield tag="689" ind1="0" ind2="0">
   <subfield code="d">p</subfield>
   <subfield code="0">(DE-588)11851380X</subfield>
   <subfield code="0">(DE-627)079316786</subfield>
   <subfield code="0">(DE-576)208872531</subfield>
   <subfield code="a">Bosch, Hieronymus</subfield>
   <subfield code="d">1450-1516</subfield>
   <subfield code="2">gnd</subfield>
  </datafield>
  <datafield tag="689" ind1="0" ind2="1">
   <subfield code="d">s</subfield>
   <subfield code="0">(DE-588)4049716-1</subfield>
   <subfield code="0">(DE-627)104675152</subfield>
   <subfield code="0">(DE-576)209083182</subfield>
   <subfield code="a">Rezeption</subfield>
   <subfield code="2">gnd</subfield>
  </datafield>
  <datafield tag="689" ind1="0" ind2="2">
   <subfield code="a">z</subfield>
   <subfield code="2">gnd</subfield>
   <subfield code="a">Geschichte 1500-1600</subfield>
  </datafield>
  <datafield tag="689" ind1="0" ind2=" ">
   <subfield code="5">(DE-627)</subfield>
  </datafield>
  <datafield tag="689" ind1="1" ind2="0">
   <subfield code="d">p</subfield>
   <subfield code="0">(DE-588)11851380X</subfield>
   <subfield code="0">(DE-627)079316786</subfield>
   <subfield code="0">(DE-576)208872531</subfield>
   <subfield code="a">Bosch, Hieronymus</subfield>
   <subfield code="d">1450-1516</subfield>
   <subfield code="2">gnd</subfield>
  </datafield>
  <datafield tag="689" ind1="1" ind2="1">
   <subfield code="d">s</subfield>
   <subfield code="0">(DE-588)4049716-1</subfield>
   <subfield code="0">(DE-627)104675152</subfield>
   <subfield code="0">(DE-576)209083182</subfield>
   <subfield code="a">Rezeption</subfield>
   <subfield code="2">gnd</subfield>
  </datafield>
  <datafield tag="689" ind1="1" ind2="2">
   <subfield code="a">z</subfield>
   <subfield code="2">gnd</subfield>
   <subfield code="a">Geschichte 1500-1528</subfield>
  </datafield>
  <datafield tag="689" ind1="1" ind2=" ">
   <subfield code="5">(DE-627)</subfield>
  </datafield>
  <datafield tag="700" ind1="1" ind2=" ">
   <subfield code="a">Bosch, Hieronymus</subfield>
   <subfield code="d">1450-1516</subfield>
   <subfield code="e">Ill.</subfield>
   <subfield code="0">(DE-588)11851380X</subfield>
   <subfield code="0">(DE-627)079316786</subfield>
   <subfield code="0">(DE-576)208872531</subfield>
   <subfield code="4">ill</subfield>
  </datafield>
  <datafield tag="751" ind1=" " ind2=" ">
   <subfield code="a">Göttingen</subfield>
   <subfield code="0">(DE-588)4021477-1</subfield>
   <subfield code="0">(DE-627)106313819</subfield>
   <subfield code="0">(DE-576)20893815X</subfield>
   <subfield code="4">uvp</subfield>
  </datafield>
  <datafield tag="787" ind1="0" ind2="8">
   <subfield code="i">Rezensiert in</subfield>
   <subfield code="a">Bauer, Gerd</subfield>
   <subfield code="t">[Rezension von: Gerd Unverfehrt, Hieronymus Bosch]</subfield>
   <subfield code="d">1981</subfield>
   <subfield code="w">(DE-627)1856596133</subfield>
  </datafield>
  <datafield tag="889" ind1=" " ind2=" ">
   <subfield code="w">(DE-576)485496674</subfield>
  </datafield>
  <datafield tag="936" ind1="r" ind2="v">
   <subfield code="a">LI 17410</subfield>
   <subfield code="b">Beziehungen zu anderen Personen, Nachwirken von Persönlichkeit und Werk</subfield>
   <subfield code="k">Kunstgeschichte</subfield>
   <subfield code="k">Künstler-Monografien</subfield>
   <subfield code="k">Alphabetische Künstlerliste</subfield>
   <subfield code="k">Künstler B</subfield>
   <subfield code="k">Bosch, Hieronymus (bis 17410)</subfield>
   <subfield code="k">Beziehungen zu anderen Personen, Nachwirken von Persönlichkeit und Werk</subfield>
   <subfield code="0">(DE-627)1271743264</subfield>
   <subfield code="0">(DE-625)rvk/95627:13288</subfield>
   <subfield code="0">(DE-576)201743264</subfield>
  </datafield>
  <datafield tag="936" ind1="r" ind2="v">
   <subfield code="a">LI 17405</subfield>
   <subfield code="b">Biografien, Werkdarstellungen, Gedenkreden und andere Gesamtwürdigungen (Sammelwerke, Festschriften etc.)</subfield>
   <subfield code="k">Kunstgeschichte</subfield>
   <subfield code="k">Künstler-Monografien</subfield>
   <subfield code="k">Alphabetische Künstlerliste</subfield>
   <subfield code="k">Künstler B</subfield>
   <subfield code="k">Bosch, Hieronymus (bis 17410)</subfield>
   <subfield code="k">Biografien, Werkdarstellungen, Gedenkreden und andere Gesamtwürdigungen (Sammelwerke, Festschriften etc.)</subfield>
   <subfield code="0">(DE-627)1271527405</subfield>
   <subfield code="0">(DE-625)rvk/95627:13283</subfield>
   <subfield code="0">(DE-576)201527405</subfield>
  </datafield>
  <datafield tag="951" ind1=" " ind2=" ">
   <subfield code="a">BO</subfield>
  </datafield>
  <datafield tag="990" ind1=" " ind2=" ">
   <subfield code="a">Bosch, Hieronymus</subfield>
  </datafield>
  <datafield tag="990" ind1=" " ind2=" ">
   <subfield code="a">Rezeption</subfield>
  </datafield>
  <datafield tag="990" ind1=" " ind2=" ">
   <subfield code="a">Geschichte 1500-1600</subfield>
  </datafield>
  <datafield tag="990" ind1=" " ind2=" ">
   <subfield code="a">Bosch, Hieronymus</subfield>
  </datafield>
  <datafield tag="990" ind1=" " ind2=" ">
   <subfield code="a">Rezeption</subfield>
  </datafield>
  <datafield tag="990" ind1=" " ind2=" ">
   <subfield code="a">Geschichte 1500-1528</subfield>
  </datafield>
  <datafield tag="991" ind1=" " ind2=" ">
   <subfield code="a">Rezensiertes Werk</subfield>
  </datafield>
  <datafield tag="999" ind1=" " ind2=" ">
   <subfield code="a">KXP-PPN161479832X</subfield>
   <subfield code="e">4370400805</subfield>
  </datafield>
 </record>
</collection>
